00851nam a2200253Ia 450000500170000000800370001702000180005404100080007208200160008010000330009624500830012925000540021230000250026649000130029150000410030450400270034565000290037265000240040126400490042533600270047433700330050133800280053404000350056220220317001822.0170410s2013 mx g 000 0 s a9786071602466 aspa04a303.4bK13h1 aKahler, Erich Vond1885-197010aHistoria universal del hombrecErich Kahler ; traducción de Javier Márquez aSegunda edición aumentada, quinta reimpresión a608 páginasc23 cm aHistoria aIncluye notas e índice analítico aIncluye bibliografía142LEMBaHistoria universal142LEMBaCambio social aMéxicobFondo de Cultura Económicac2013 atextobtxt2rdacontent asin mediaciónbn2rdamedia avolumenbnc2rdacarrier aCO-BoRNBPbspaerdacCO-BoRNBP